[Event "Moscow Aeroflot op-A"]
[Site "Moscow"]
[Date "2005.02.20"]
[Round "6"]
[White "Bologan, Viktor"]
[Black "Volkov, Sergey"]
[Result "1/2-1/2"]
[WhiteElo "2683"]
[BlackElo "2612"]
[Annotator "Mueller,Karsten"]
[PlyCount "180"]
[EventDate "2005.02.15"]
[EventType "swiss"]
[EventRounds "9"]
[EventCountry "RUS"]
[SourceTitle "CBM 106"]
[Source "ChessBase"]
[SourceDate "2005.06.06"]
[SourceVersion "1"]
[SourceVersionDate "2005.06.06"]
[SourceQuality "1"]

1. c4 Nf6 2. Nc3 e5 3. Nf3 Nc6 4. g3 Bc5 5. Bg2 d6 6. d3 h6 7. O-O a6 8. a3 O-O
9. b4 Ba7 10. e3 Be6 11. Bb2 Qd7 12. Rc1 Rac8 13. Re1 Rfe8 14. Nd2 d5 15. cxd5
Nxd5 16. Na4 Bh3 17. Ne4 Bxg2 18. Kxg2 b6 19. Qb3 Re6 20. Nd2 Rce8 21. Nf3 Rd6
22. Nc3 Nxc3 23. Rxc3 b5 24. Rec1 Bb6 25. a4 e4 26. dxe4 Rxe4 27. axb5 axb5 28.
Qc2 Ree6 29. Ra3 Re8 30. Rca1 Qe6 31. Ra8 Rdd8 32. Rxd8 Rxd8 33. Bc3 Ne7 34.
Bd4 Nd5 35. Bxb6 Qxb6 36. Rd1 Rd6 37. Rd4 Ne7 38. Qe4 Nc6 39. Qe8+ Kh7 40. Rxd6
cxd6 41. Qxf7 Nxb4 42. Nd4 Qc5 43. Ne6 Qc3 44. Nf8+ Kh8 45. Ng6+ Kh7 46. Ne7
Qc4 47. Qg6+ Kh8 48. Nf5 Qc6+ 49. f3 Qc3 50. Qe8+ Kh7 51. Ne7 Qc4 52. Qg6+ Kh8
53. Qxd6 Nd3 54. g4 b4 55. Kg3 Ne1 56. Ng6+ Kh7 57. Nf8+ Kg8 58. Ne6 Qc3 59.
Qd8+ Kh7 60. Nf8+ Kg8 61. Ne6+ Kh7 62. Qd4 Kg8 63. h4 Nd3 64. Qxc3 bxc3 65. Nd4
Kf7 66. f4 Nb4 67. Ne2 c2 68. Nc1 g5 69. hxg5 hxg5 70. Kf3 Nd5 71. Ke4 Ke6 72.
fxg5 Nb4 73. Nb3 Kf7 74. Kf5 Nd3 75. e4 c1=Q 76. Nxc1 Nxc1 77. e5 Ne2 78. e6+
Kg7 79. Ke5 Nc3 80. Kd6 Kf8 81. g6 Ne4+ 82. Ke5 Nc5 {[%tqu "De","Weiß zieht
und gewinnt","","","g4g5","",6,"e5d5","",0]} 83. g5 $2 (83. Kd5 $1 Nb7 (83...
Nd3 84. Kd6 Nf2 85. e7+ Ke8 86. g7 Ne4+ 87. Ke5 $18) (83... Ke7 84. g7 $18) 84.
Kc6 Nd8+ (84... Na5+ 85. Kd7 $18 {[%cal Ge6e8]}) 85. Kd7 Nxe6 86. Kxe6 Kg7 87.
Kf5 Kg8 88. Kg5 Kg7 89. Kh5 Kg8 90. Kh6 Kh8 91. g7+ Kg8 92. g5 Kf7 93. Kh7 $18)
83... Nb7 (83... Nxe6 84. Kxe6 Kg7 85. Kf5 Kg8 86. Kf6 Kf8 87. g7+ Kg8 $11) 84.
Kd5 (84. Kf6 Nd6 85. e7+ Kg8 86. Ke5 Ne8 87. Ke6 Ng7+ 88. Kd7 Kh8 89. Kd8 Kg8
$11) 84... Na5 $1 85. Kc5 Nb3+ 86. Kd5 Na5 87. Kd6 Nc4+ 88. Kc7 Ne3 89. Kd8 Nf5
90. Kd7 Kg7 1/2-1/2

[Event "Gibraltar Masters 9th"]
[Site "Caleta"]
[Date "2011.01.30"]
[Round "6"]
[White "Nisipeanu, Liviu Dieter"]
[Black "Cabrera Pino, Alexis"]
[Result "1-0"]
[WhiteElo "2678"]
[BlackElo "2518"]
[Annotator "Mueller,Karsten"]
[PlyCount "143"]
[EventDate "2011.01.25"]
[EventType "swiss"]
[EventRounds "10"]
[EventCountry "GGB"]
[SourceTitle "CBM 141"]
[Source "ChessBase"]
[SourceDate "2011.03.17"]
[SourceVersion "1"]
[SourceVersionDate "2011.03.17"]
[SourceQuality "1"]

1. c4 Nf6 2. Nc3 e5 3. Nf3 Nc6 4. g3 d5 5. cxd5 Nxd5 6. Bg2 Nb6 7. O-O Be7 8.
a3 O-O 9. b4 Be6 10. d3 f6 11. Bb2 Qd7 12. Ne4 Bh3 13. Bxh3 Qxh3 14. Qb3+ Kh8
15. b5 Nd8 16. Rac1 Qe6 17. Qc2 Rc8 18. d4 Nf7 19. dxe5 fxe5 20. Ned2 Bf6 21.
Qb3 Rfe8 22. Qxe6 Rxe6 23. Nc4 Nxc4 24. Rxc4 c5 25. bxc6 Rexc6 26. Rb4 b6 27.
Rd1 Kg8 28. Rd5 Rc5 29. Rd7 R8c7 30. Rxc7 Rxc7 31. Rb5 Nd6 32. Rd5 Nc4 33. Bxe5
Nxe5 34. Nxe5 Rc3 35. a4 Ra3 36. Nc6 Rxa4 37. Rd7 a5 38. Rb7 Rc4 39. Rxb6 a4
40. Ra6 Bb2 41. f4 Rc2 42. Kf2 a3 43. Ne5 Kf8 44. Nd3 Bd4+ 45. Kf3 a2 46. Nb4
Rxe2 47. Kxe2 a1=Q 48. Rxa1 Bxa1 49. g4 Kf7 50. Kd3 Ke6 51. Ke4 g6 52. Nc6 Bf6
53. h3 Kd6 54. Nd4 Ke7 55. Kd5 Kf7 56. Ke4 Ke7 57. Kd5 Kf7 58. Nc6 Bh4 59. Ne5+
Kf6 60. Nf3 Bg3 61. Ke4 Bf2 62. Ng5 Kg7 63. Ke5 Be3 64. Ne4 Bc1 65. f5 gxf5 66.
gxf5 Kh6 $2 {Here, exceptionally, active defence is wrong, because White is
too quick and the defensive diagonal f8-h6 is too short. Hier ist aktive
Verteidigung ausnahmsweise falsch, weil Weiß zu schnell und die Stopdiagonale
f8-h6 zu kurz ist.} ({Surprisingly, I could not find a win against Gegen} 66...
Kf7 67. f6 Kf8 68. Ke6 Ba3 69. Ng5 Kg8 {. There is very little winning
potential available and Black can often turn to a stalemate defence. You can
find an exact analysis in the variation 67...Kg7. habe ich überraschenderweise
keinen Gewinn gefunden. Es ist nur noch wenig Gewinnpotential vorhanden und
Schwarz kann oft zu Pattverteidigungen greifen. Eine genaue Analyse befindet
sich in der Variante 67...Kg7.}) 67. Ke6 $2 (67. f6 Kg6 68. Ke6 $18 {does not
let the king back and prevents passive defence. lässt den König nicht zurück
und unterbindet die passive Verteidigung.}) 67... Kh5 $2 (67... Bb2 $2 68. f6
Kg6 (68... Bxf6 69. Kxf6 Kh5 70. Kg7 Kh4 71. Nf2 Kg3 72. Kxh7 Kxf2 73. h4 Kg3
74. h5 Kg4 75. Kg6 $18) 69. h4 Ba3 70. Nc3 Kh5 (70... Bf8 71. Nd5 Kh5 72. Kf7
Bh6 73. Ne7 Kg4 74. Ng8 Bd2 75. Kf8 Kxh4 76. f7 h5 77. Ke8 Bb4 78. Ne7 $18) 71.
Nd5 Kg4 72. Ne7 Bb2 73. Nf5 Ba3 74. f7 Bf8 {Next comes triangulation: Nun
folgt ein Dreiecksmanöver:} 75. Kf6 Kh5 76. Ke5 Kg4 77. Ke6 {and Black is in a
fatal zugzwang: und Schwarz ist in fatalem Zugzwang:} Kf4 78. Nd4 Kg4 79. Kd7
Bg7 80. Ne6 Bh6 81. Ke7 Kxh4 (81... Kf5 82. h5 Ke5 83. f8=Q Bxf8+ 84. Nxf8 Kf5
85. Nxh7 Kg4 86. Nf6+ $18) 82. Kf6 Kg4 83. Ng7 Bg5+ 84. Ke6 $18) (67... Kg7 $1
{is required, e.g. ist vonnöten, z.B.} 68. f6+ Kf8 69. Nc5 Ba3 70. Nd7+ Kg8 71.
h4 Bb4 72. h5 Ba3 73. Ne5 Kf8 74. h6 Kg8 75. f7+ Kh8 76. Nc6 Bf8 77. Kd7 Ba3
78. Ke8 Bf8 $11 {and the stalemate defence cannot be broken. und die
Pattverteidigung kann nicht gebrochen werden.}) 68. f6 Kh4 (68... Kg6 69. Nd6
Ba3 70. Nf5 Bf8 71. Ne7+ Kg5 72. Kf7 Bh6 73. Ng8 $18) 69. Nd6 Kxh3 70. f7 Bh6
71. Nf5 {Nisipeanu dominates the bishop. Nisipeanu dominiert den Läufer.} Bf8
72. Kd7 (72. Kd7 Kg4 73. Ke8 Kxf5 (73... Bc5 74. Ne7 $18) 74. Kxf8 h5 75. Kg7
$18) 1-0

[Event "Belgrade GMA op"]
[Site "Belgrade"]
[Date "1988.??.??"]
[Round "?"]
[White "Olafsson, Helgi"]
[Black "Naumkin, Igor"]
[Result "0-1"]
[WhiteElo "2525"]
[BlackElo "2440"]
[Annotator "Olafsson,H"]
[PlyCount "82"]
[EventDate "1988.12.??"]
[EventType "swiss"]
[EventRounds "9"]
[EventCountry "YUG"]
[SourceTitle "TD"]
[Source "ChessBase"]
[SourceDate "1994.03.01"]
[SourceVersion "1"]
[SourceVersionDate "1994.03.01"]
[SourceQuality "1"]

1. c4 e5 2. Nc3 Nf6 3. Nf3 Nc6 4. g3 Bb4 5. Bg2 (5. Nd5) 5... O-O 6. O-O e4 7.
Ng5 Bxc3 8. bxc3 Re8 9. f3 e3 10. d4 (10. d3) 10... Na5 (10... b6 $5) 11. Qd3
b6 12. c5 $2 (12. Bxe3 $1 Ba6 13. Rfe1 Nxc4 14. Bf2) 12... Bb7 $1 13. Bxe3 Qe7
14. Bf4 (14. Kf2 $4 Ba6 $1 $19) 14... Qxe2 15. Qf5 $5 (15. Qxe2 Rxe2 16. Bxc7
Nd5 $17) 15... h6 16. Ne4 Nxe4 17. Rae1 (17. fxe4 Qxg2+ $1 18. Kxg2 Bxe4+ 19.
Qxe4 Rxe4 20. Bxc7 Nc4 $17) 17... Nxg3 $6 (17... Nxc3 $1 18. Rxe2 Nxe2+ 19. Kh1
Nxd4 20. Qxd7 Rad8 21. Qg4 (21. Qxc7 Ne6 22. Qe5 Nxc5 $17) 21... Bc8 $17) 18.
hxg3 Qb5 (18... Qxe1 19. Rxe1 Rxe1+ 20. Kf2 $13 Rae8 21. Be5 $1 (21. Bf1 Bxf3
$1)) 19. Qg4 $2 (19. Bxc7 $10) 19... Qc6 20. Kh2 bxc5 21. d5 Qxd5 22. Bxh6 g6
23. Rd1 Qe5 $1 (23... Qh5+ 24. Qxh5 gxh5 25. Rxd7 $10) 24. Qxd7 (24. Rxd7 Bc8
$1 $19) 24... Nc4 25. Bf4 Qxc3 26. Qxc7 Ba6 27. Rf2 Ne3 28. Rd6 (28. Rd7 $5 $13
) 28... Qh8+ 29. Bh3 $4 (29. Kg1 $15) 29... Bc8 30. Rd8 (30. g4 Bxg4 $1 (30...
Nxg4+ $2 31. fxg4 Bxg4 32. Bh6 $1 $11) 31. fxg4 Nxg4+ 32. Kg3 Nxf2 $19) 30...
Bxh3 31. Rxe8+ Rxe8 32. Bxe3 Bf5+ 33. Kg1 Rxe3 34. Qb8+ Kg7 35. Qb2+ f6 36.
Qb7+ Kf8 37. Rd2 Re1+ 38. Kf2 Re8 39. Kg1 Qg7 40. Qc6 Qe7 41. g4 Qe1+ 0-1

[Event "La Roche sur Yon 2nd"]
[Site "La Roche sur Yon"]
[Date "2007.03.02"]
[Round "5"]
[White "Cornette, Matthieu"]
[Black "Pelletier, Yannick"]
[Result "0-1"]
[WhiteElo "2485"]
[BlackElo "2589"]
[Annotator "Pelletier,Y"]
[PlyCount "84"]
[EventDate "2007.02.26"]
[EventType "tourn"]
[EventRounds "9"]
[EventCountry "FRA"]
[EventCategory "11"]
[SourceTitle "CBM 118"]
[Source "ChessBase"]
[SourceDate "2007.05.31"]
[SourceVersion "1"]
[SourceVersionDate "2007.05.31"]
[SourceQuality "1"]

1. c4 Nf6 2. Nc3 e5 3. Nf3 Nc6 4. g3 Bb4 5. Bg2 O-O 6. O-O Re8 7. d3 Bxc3 8.
bxc3 e4 9. Ng5 (9. Nd4 {ist die übliche Fortsetzung. Die Erfolgsquote des
Textzuges ist übrigens ganz niedrig.}) 9... exd3 10. exd3 h6 (10... d6 11. Rb1
h6 {ist auch gut möglich, aber ich plante b6-Bb7, um die weißfeldrigen Läufer
abzutauschen.}) 11. Ne4 ({Auch nach} 11. Nf3 d6 ({oder} 11... b6 12. Nd4 Bb7 {
steht Schwarz bequem.})) 11... b6 12. Rb1 (12. Bf4 Bb7 13. Re1 Na5 $11) 12...
Bb7 13. Nc5 Bc8 14. Ne4 ({Nach} 14. Nb3 Bb7 {verschmähte Robert Hübner die
Zugwiederholung 1997 gegen Kasimdzhanov. Aber Schwarz stand gut nach} 15. c5
Qc8 16. d4 Ne7 17. Re1 Bxg2 18. Kxg2 Qa6) 14... Nxe4 15. Bxe4 Bb7 16. Bd5 $6 ({
Dieser Zug ist nicht nützlich. Während der Partie hielt ich} 16. Bf4 {für das
Beste. Ich rechnete lange an den Folgen von} Na5 17. Bxb7 Nxb7 18. Qg4 Re6 {
Es sieht aus, als sei für Schwarz hier alles in Ordnung, z.B:} 19. d4 (19. Rfe1
Qf6 $1 20. Rxe6 fxe6 21. Bxc7 Rc8 22. Bf4 Nc5 23. d4 Nd3 $36) 19... d6 20. Rfe1
Qe7 21. Rxe6 Qxe6 22. Qf3 Rb8 23. Qc6 Qe7 24. c5 g5 25. Be3 Na5 26. cxd6 cxd6
$13) ({Eigentlich geschah in der Begegnung Schüssler-Lehmann (Bundesliga 1988)
} 16. Qh5 $5 {Auf diese interessante Idee sollte Schwarz vermutlich mit} Qf6 {
reagieren.} (16... Na5 17. f3 $1 Qf6 18. Bd2 Bc6 {wurde in der Partie gespielt,
aber nach} 19. g4 $1 {entfaltete Weiß eine gefährliche Initiative}) {Nach dem
logischen} 17. Bd2 {kommt das Qualitätspofer} Rxe4 18. dxe4 Ne5 {in Betracht:}
19. Bf4 (19. f4 $2 Nxc4 20. Qe2 Nxd2 21. Qxd2 Bxe4 22. Rbe1 d5 $36) 19... Ng6 (
19... Nxc4 20. Qf5 $16) 20. Rfe1 (20. Qf5 Qxf5 21. exf5 Nxf4 22. gxf4 Be4 $13)
20... Nxf4 21. gxf4 Qxf4 22. Qf5 Qd2 23. Rbd1 (23. Re3 $2 Qxa2) 23... Qxc3 24.
Qxd7 Qxc4 25. Rc1 Qxa2 $132 {In den meisten Variante sieht der Computer den
Nachziehenden in Vorteil. So optimistisch bin ich nicht. Schwarz sollte
einfach genug Spiel zum Ausgleich besitzen.}) 16... Qf6 17. Bf4 d6 18. Qa4 (18.
d4 Na5) (18. Qf3 $6 Ne5 $15 19. Bxe5 $140 $2 Qxf3 20. Bxf3 Bxf3 21. Bf4 Be2)
18... Na5 19. Bxb7 (19. Rfe1 {sieht besser aus. Aber wenn der Mehrbauer nach}
Rxe1+ 20. Rxe1 Bxd5 21. cxd5 Qxc3 22. Re8+ Rxe8 23. Qxe8+ Kh7 24. Qxf7 Qxd3 {
schwer zu verwerten ist, spielt natürlich nur Schwarz auf Gewinn.}) (19. d4 c6
20. Bg2 Qe6 21. c5 dxc5 22. dxc5 Nc4 $15) 19... Nxb7 20. Rfe1 Rxe1+ 21. Rxe1
Nc5 22. Qc6 Rf8 23. Re8 ({Es funktioniert nicht} 23. d4 Nd3 24. Re4 (24. Re3
Nxf4 25. gxf4 Rc8 $15) {wegen} 24... g5 $1 25. Be3 Qf3 26. h3 (26. Qd5 Qd1+ 27.
Kg2 g4 $1 $19) 26... Ne1 27. Kf1 Nc2 $19) 23... Rxe8 (23... Nxd3 24. Rxf8+ Kxf8
25. Qxc7 Nxf4 26. gxf4 Kg8 27. Qb8+ Kh7 28. Qxa7 Qxf4 29. Qxb6 Qg4+ 30. Kh1
Qxc4 31. Qb1+ g6 $15 {/=}) 24. Qxe8+ Kh7 25. d4 Nd3 26. Qe3 $2 (26. Qe4+ {
genügt nicht:} Qg6 27. Qf3 Qf5 28. h4 Nxf4 29. gxf4 Kg6 $17) ({Die meisten
Damenendspiele sind schlecht, aber nur das folgende hätte Weiß noch knapp
halten können:} 26. Qc6 $1 Nxf4 (26... Qe7 27. Be3 f5 28. h4 Qe4 29. Qxc7 Ne1
30. Kf1 Nc2 31. Qxd6 Nxe3+ 32. fxe3 Qf3+ 33. Kg1 Qxe3+ 34. Kg2 $11) 27. gxf4
Qg6+ (27... Qxf4 28. Qxc7) 28. Kh1 Qd3 29. Kg2 Qxc3 30. Qxc7 Qxd4 31. Qxf7 {
Das Problem liegt darin, dass das Bauernendspiel nach} Qe4+ 32. Kf1 Qd3+ 33.
Kg2 $1 {Remis ist:} (33. Ke1 Qb1+ 34. Ke2 Qxa2+ 35. Kf3 Qb3+ 36. Kg2 Qd3 37.
Qxa7 Qxc4 38. Qxb6 Qxf4 $17) 33... Qg6+ 34. Qxg6+ Kxg6 35. Kg3 Kf5 36. Kf3 a6
37. a4 g5 38. fxg5 hxg5 39. Ke3 $11) 26... Qf5 27. h3 $2 ({Nun ist es nicht
dasselbe im Fall von} 27. Qd2 Nxf4 28. gxf4 Qe6 29. Qd3+ Qg6+ 30. Qxg6+ (30.
Qg3 Qb1+ 31. Kg2 Qxa2 32. Qd3+ Kg8 $19) 30... Kxg6 {gewinnt Schwarz:} 31. Kg2
Kf5 32. Kf3 c6 33. h3 d5 34. cxd5 cxd5 35. Ke3 b5 36. Kf3 f6 37. Ke3 g6 38. Kf3
h5 39. Ke3 g5 40. fxg5 fxg5 41. Kf3 h4 {und g5-g4 entscheidet.}) 27... Nb2 $4 (
{Ein unglaublicher Fall von beiderseitiger Blindheit, wobei mein Gegner seinen
Fehler gerade bemerkte, als er seinen letzten Bauernzug ausführte. Ich
grübelte ca 10 Minuten, ohne das einfache} 27... g5 28. g4 gxf4 {[%cal Gf4e3]
zu sehen....}) ({Das Bauernendspiel nach} 27... Nxf4 28. gxf4 Qe6 $1 29. d5
Qxe3 30. fxe3 {hätte übrigens auch gewonnen:} Kg6 31. e4 Kh5 32. Kh2 Kh4 33.
Kg2 g6 34. Kh2 f6 35. Kg2 g5 $19) 28. Qe2 Qb1+ {Die schön zentralisierten
Figuren des Nachziehenden stehen plötzlich komisch in der Ecke. Harte Arbeit
ist wieder gefragt.} 29. Kh2 $6 ({Besser war} 29. Kg2 Nd3 30. Bd2 {Weiß sollte
nun locker halten:} Qc2 31. Qe4+ g6 32. Qe7 (32. Qe8 Kg7 33. Bxh6+ Kxh6 $11)
32... Kg7 33. Bxh6+ Kxh6 34. Qxf7 Ne1+ 35. Kf1 Qe4 36. Qf8+ Kh7 {mit
Dauerschach.}) 29... Nd1 $1 30. Bd2 (30. Qd2 g5 $1 31. Be3 Nxe3 32. fxe3 Qf1
33. c5 bxc5 34. dxc5 dxc5 35. Qd5 Qf2+ 36. Kh1 Kg7 $17) 30... Qc2 31. Qf3 $1 {
Eine listige Ressource.} f5 (31... f6 32. Kg2 c5 {war auch gut möglich, nur
nicht}) (31... Qxd2 $2 32. Qf5+ Kg8 33. Qc8+ {mit Dauerschach.}) 32. g4 fxg4 $6
({Es genügt wieder nicht} 32... Qxd2 $2 33. Qxf5+ Kg8 34. Qc8+ Kf7 35. Qd7+ Kf6
36. Qd8+ Kg6 37. Qe8+ Kg5 38. Qe7+ Kf4 $140 $4 39. Qf7+ $18) ({Vorzuziehen war
aber} 32... Nb2 33. Qd5 Nxc4 34. Qxc4 Qxd2 $17) 33. hxg4 Nb2 (33... Qxd2 $2 34.
Qe4+ $11) 34. Qf7 $2 $138 ({Weiß vergisst zu überprüfen, ob der
Dauerschachtrick immer funktioniert. Hartnäckiger war} 34. c5 $5 bxc5 35. dxc5
Nc4 36. Bf4 dxc5 37. Bxc7 Nd2) ({oder} 34. Qd5 Nxc4 $1 (34... a5 35. Kg3 Qd3+
36. f3 Qxc4 37. Qe4+ Kh8 38. g5 $1 $11) 35. Qxc4 Qxd2 36. Kg3 (36. Qf7 Qxc3 $1
37. Qf5+ Kg8 38. Qc8+ Kf7 39. Qd7+ Kf6 40. Qd8+ Kg6 41. Qe8+ Kg5 42. Qe7+ Kxg4
43. Qxg7+ Kf4 44. Qxh6+ Ke4 $19) 36... d5 37. Qxc7 Qxa2 {, wonach die
schwarzen Gewinnchancen gering bleiben.}) 34... Qxd2 35. Qf5+ Kg8 36. Qc8+ Kf7
37. Qd7+ (37. Qxc7+ Kg6 38. Qxd6+ Kh7 $19) 37... Kf6 38. Qd8+ Kg6 39. Qe8+ Kg5
40. Qe7+ (40. Qh5+ Kf6 41. Qf5+ Ke7 42. Qe4+ Kd8 $19) 40... Kxg4 41. Qxg7+ Qg5
(41... Kf3 {gewinnt auch, aber warum so kompliziert wie nach} 42. Qg2+ Ke2 43.
f4+ Kd1 44. Qxd2+ Kxd2 45. f5 Nd3 46. Kg3 Ke3 $19) 42. Qd7+ Kf3 0-1

[Event "Olympiad-29"]
[Site "Novi Sad"]
[Date "1990.11.20"]
[Round "4"]
[White "Petursson, Margeir"]
[Black "Fernandez Garcia, Jose Luis"]
[Result "1-0"]
[WhiteElo "2550"]
[BlackElo "2500"]
[Annotator "Petursson,M"]
[PlyCount "81"]
[EventDate "1990.11.17"]
[EventType "team-swiss"]
[EventRounds "14"]
[EventCountry "YUG"]
[SourceTitle "TD"]
[Source "ChessBase"]
[SourceDate "1994.03.01"]
[SourceVersion "1"]
[SourceVersionDate "1994.03.01"]
[SourceQuality "1"]
[WhiteTeam "Iceland"]
[BlackTeam "Spain"]
[WhiteTeamCountry "ISL"]
[BlackTeamCountry "ESP"]

1. c4 Nf6 2. Nc3 e5 3. Nf3 Nc6 4. g3 d5 5. cxd5 Nxd5 6. Bg2 Nb6 7. O-O Be7 8.
a3 O-O 9. b4 Re8 10. d3 (10. Rb1 $145 Bf8 11. d3 Nd4 12. Bb2 c6 $1 $10 {
Borges Mateos-Yakovich, Bayamo 1990} (12... a5 13. b5 a4 14. Nd2 Ra5 15. Nc4
$14 {Ehlvest-Hjartarson, Rotterdam 1989})) 10... a5 11. b5 Nd4 12. Bb2 Bf8 13.
Nd2 c6 (13... a4 $5 14. e3 $6 (14. Rb1) 14... Ne6 15. Nc4 (15. Qc2 $145 Nc5 $1
16. d4 exd4 17. exd4 Qxd4 18. Nd5 Qd3 19. Qxd3 Nxd3 20. Nxc7 Nxb2 21. Nxe8 Bf5
$1 22. Nc7 Rd8 $3 $17 {Hjartarson-Ivanchuk, Linares 1989}) 15... Nc5 $17 {
Uhlmann-Kozul, Novi Sad (ol) 1990}) 14. bxc6 Nxc6 15. Rb1 (15. a4 $5) 15... a4
16. Nb5 Be6 $1 17. e3 {P e2, d4} Ba2 18. Rc1 Bd5 (18... Qxd3 19. Nc7 Rad8 20.
Nxe8 Qxd2 21. Bxc6 $1 bxc6 22. Nc7 $14) 19. Nf3 e4 20. Nfd4 (20. dxe4 Bc4)
20... Nxd4 (20... exd3 21. Bxd5 Nxd5 22. Qxd3 $14) 21. Bxd4 (21. Nxd4 exd3 $10)
21... Bc6 22. Rb1 Nd7 23. dxe4 $6 (23. Bxe4 $1 Bxe4 24. dxe4 Nc5 25. Bxc5 Bxc5
26. Qc2 $14) 23... Ra5 $2 (23... Nc5 $8 24. Bxc5 Bxc5 25. Qc2 b6 $44) 24. Na7
$1 Rxa7 25. Bxa7 Bxa3 (25... Qa5 26. Rxb7 $1 Bxb7 27. Qxd7 Re7 28. Qd4 Bxe4 29.
Bc5 $16) 26. Ra1 Bc5 $6 (26... Qa5 27. Rxa3 Qxa7 28. e5 $1 Bxg2 29. Rxa4 $18) (
26... Bf8 27. Rxa4 $5 $16 (27. e5 $16)) 27. Bxc5 Nxc5 28. Qxd8 Rxd8 $1 29. e5
Bxg2 30. Kxg2 b5 31. Rfd1 Rb8 32. Rd5 $1 Nb3 (32... Ne4 33. Kf3 Nc3 34. Rc5 b4
35. Rxc3 bxc3 36. Rxa4 Rc8 37. Ra1 Kf8 38. Rc1 $18 {P e4-d3}) 33. Rad1 h6 $2
$138 (33... Kf8 34. Rd7 $140 (34. f4 b4 35. Rb1 $16) 34... b4 $1 $13) 34. Rd8+
Rxd8 35. Rxd8+ Kh7 36. Ra8 Kg6 37. e4 Nc5 38. Ra5 Nxe4 39. Rxb5 Kf5 40. f4 a3
41. e6+ 1-0

[Event "Bayern-chI Bank Hofmann 10th"]
[Site "Bad Wiessee"]
[Date "2006.11.12"]
[Round "9"]
[White "Postny, Evgeny"]
[Black "Kaplan, Sasha"]
[Result "1-0"]
[WhiteElo "2609"]
[BlackElo "2402"]
[Annotator "Postny,E"]
[PlyCount "47"]
[EventDate "2006.11.04"]
[EventType "swiss"]
[EventRounds "9"]
[EventCountry "GER"]
[SourceTitle "EXT 2007"]
[Source "ChessBase"]
[SourceDate "2006.11.23"]
[SourceVersion "1"]
[SourceVersionDate "2006.11.23"]
[SourceQuality "1"]

1. c4 e5 2. g3 Nf6 3. Bg2 d5 4. cxd5 Nxd5 5. Nc3 Nb6 6. Nf3 Nc6 7. O-O Be7 {
The arised is just a Dragon variation with reversed colours with an extra
tempo for White.} 8. d3 g5 $2 {This is too wild. Actually, such idea appears
with reversed colours in the Sicilian Dragon, but here White has an extra
tempo. It's needless to say that every tempo is vital in the Sicilian defence..
.} ({Obviously,} 8... O-O {is a normal move.}) 9. Be3 $6 {Not the best way to
meet black's highly optimistic plan.} (9. d4 $1 exd4 10. Nb5 Bf6 ({The least
of the evils is} 10... O-O {, but after} 11. Nbxd4 {White is simply better.
The move g7-g5 is not a big attraction of black's position.}) 11. Bxg5 Bxg5 12.
Nxg5 Qxg5 (12... a6 13. Bxc6+ bxc6 14. Qxd4 $18 {[%csl Rh8]}) 13. Nxc7+ Kf8 14.
Nxa8 Nxa8 15. Bxc6 bxc6 16. Qxd4 Rg8 17. Qxa7 $18 {[%csl Ra8]}) 9... g4 10. Nd2
Nd4 (10... h5 11. a4 a5 12. Bxb6 cxb6 13. Nb5 Be6 14. Rc1 Rc8 15. Nc4 h4 16. e3
hxg3 17. hxg3 f5 18. Qe2 O-O 19. Rfd1 $16 {[%cal Gd3d4] 1-0 Spraggett,K (2526)
-Godard,M (2377)/France 2001/EXT 2002 (36)}) 11. a4 a5 12. Nb5 ({Risky, but
very interesting was} 12. f4 Nf5 13. Bxb6 cxb6 14. Nd5 Be6 15. fxe5 Bc5+ 16.
Kh1 Nxg3+ 17. hxg3 Bxd5 18. Ne4 Bxe4 19. Bxe4 Qg5 20. Kg2 Qxe5 21. Qb3 $14)
12... c6 13. Nxd4 exd4 14. Bf4 (14. Bh6 $1 {blocking the "h" pawn was more
annoying for Black.}) 14... h5 15. Nc4 h4 {Numerous inaccuracies from my side
led to unclear position. On the one hand black's king has no safety. On the
other hand, it's not easy for White to open up the centre, since he suffers
from lack of space.} 16. Qb3 Ra6 $6 {This is too awkward to be true.} (16...
Nd5 $2 17. Be5 {[%csl Rd4,Rh8]}) (16... Bb4 $1 17. e3 Be6 {was perfectly
playable for Black.}) 17. e3 {Opening lines against the black monarch.} Be6 (
17... Nxc4 $6 18. dxc4 Rb6 19. Qd3 $16) 18. exd4 Kf8 $2 (18... hxg3 19. hxg3 (
19. Bxg3 Qxd4 20. Rfe1 Nxc4 21. Qxb7 Qb6 $1 $19 (21... Ra7 $4 22. Qb8+ Bd8 23.
dxc4 $18) (21... Rb6 $2 22. Qa8+ Qd8 23. Bxc6+ Kf8 24. dxc4 Qxa8 25. Bxa8 $14))
19... Bb4 20. Rae1 $1 (20. Qc2 Nd5 $13) 20... Bxe1 21. Rxe1 {White has strong
attack for the exchange.}) 19. Rfe1 h3 $2 {This loses by force.} ({Also after} 
19... hxg3 20. hxg3 {White is on top.}) {[%tqu "En","The bishop is attacked.
Should White retreat?","","","e1e6","Eliminating the key defender. Black's
position collapsing rapidly.",10]} 20. Rxe6 $1 $18 {[%mdl 512] Eliminating the
key defender. Black's position collapsing rapidly.} Nxc4 (20... fxe6 21. Ne5 (
21. Be4 $16 Nxc4 22. Qxc4 Qd7 23. Be5 Rg8 24. Rf1 $40) 21... Nd5 $8 (21... hxg2
22. Qxe6 Qd5 23. Ng6+ Kg7 24. Be5+ Kh6 25. Qxe7 $18) 22. Qxb7 (22. Bxd5 $6 Qxd5
23. Qxd5 cxd5 $1 24. Ng6+ Kg7 25. Nxh8 (25. Nxe7 $2 Kf7 26. Bg5 Rh5 {capturing
the knight.}) 25... Kxh8 26. Be5+ (26. Rc1 Bf6 $14) 26... Kg8 27. Rc1 Rb6 $14)
22... Nxf4 (22... Qa8 23. Qd7 Nxf4 24. gxf4 hxg2 25. Qxe6 Qe8 26. Re1 $1 $18)
23. gxf4 hxg2 24. Qxa6 g3 25. Qc4 gxh2+ 26. Kxg2 $18) (20... hxg2 21. Rxe7 $1
Kxe7 22. Nd6 $18) {[%tqu "En","What was the point of white's previous move?",
"","","e6h6","White wins material and continue attacking.",5]} 21. Rh6 $1 {
White wins material and continue attacking.} Rxh6 22. Bxh6+ Kg8 23. dxc4 hxg2
24. Re1 1-0